[Event "34. Abierto Ciudad de Sevilla"]
[Site "Sevilla ESP"]
[Date "2009.01.23"]
[Round "1.2"]
[White "Panadero Gallardo, Francisco"]
[Black "Spraggett, Kevin"]
[Result "0-1"]
[WhiteElo "1879"]
[BlackElo "2586"]
[PlyCount "34"]
[EventDate "2009.01.23"]
[EventType "swiss"]
[EventRounds "9"]
[EventCountry "ESP"]
[Source "lmi"]
[SourceDate "2009.01.23"]

1. e4 Nf6 2. e5 Nd5 3. c4 Nb6 4. d4 d6 5. exd6 exd6 6. d5 Be7 7. Nf3 O-O 8. Bd3
Bg4 9. O-O N8d7 10. Bf4 Bf6 11. Nc3 Nc5 12. Rc1 Nxd3 13. Qxd3 Bxf3 14. gxf3 Nd7
15. Ne4 Bxb2 16. Rc2 Be5 17. Bg3 f5 0-1

[Event "34. Abierto Ciudad de Sevilla"]
[Site "Sevilla ESP"]
[Date "2009.01.23"]
[Round "1.3"]
[White "Salgado Lopez, Ivan"]
[Black "Suarez Pozo, Juan Carlos"]
[Result "1-0"]
[WhiteElo "2554"]
[BlackElo "1873"]
[PlyCount "55"]
[EventDate "2009.01.23"]
[EventType "swiss"]
[EventRounds "9"]
[EventCountry "ESP"]
[Source "lmi"]
[SourceDate "2009.01.23"]

1. e4 e6 2. d4 d5 3. Nc3 Bb4 4. e5 c5 5. a3 Bxc3+ 6. bxc3 Ne7 7. Qg4 O-O 8. Bd3
Nbc6 9. Qh5 Ng6 10. Nf3 Qc7 11. O-O c4 12. Bxg6 fxg6 13. Qh3 h6 14. a4 g5 15.
Qg3 Ne7 16. Ba3 Nf5 17. Qh3 Re8 18. Nd2 Qf7 19. Kh1 Bd7 20. a5 Ba4 21. g4 Nh4
22. f4 Qg6 23. f5 Qf7 24. Rac1 Bd7 25. Nf3 Nxf3 26. Rxf3 Kh7 27. f6 g6 28.
Qxh6+ 1-0

[Event "34. Abierto Ciudad de Sevilla"]
[Site "Sevilla ESP"]
[Date "2009.01.23"]
[Round "1.5"]
[White "Kurajica, Bojan"]
[Black "Santos Olivera, Francisco"]
[Result "1-0"]
[WhiteElo "2552"]
[BlackElo "1870"]
[PlyCount "31"]
[EventDate "2009.01.23"]
[EventType "swiss"]
[EventRounds "9"]
[EventCountry "ESP"]
[Source "lmi"]
[SourceDate "2009.01.23"]

1. d4 d5 2. c4 dxc4 3. e3 e6 4. Bxc4 Nf6 5. Nf3 c5 6. O-O a6 7. Qe2 cxd4 8.
Nxd4 e5 9. Nf3 Bg4 10. Bxf7+ Kxf7 11. Nxe5+ Ke8 12. Nxg4 Nbd7 13. Rd1 Qc7 14.
e4 Be7 15. Nc3 Rd8 16. Bg5 1-0

[Event "34. Abierto Ciudad de Sevilla"]
[Site "Sevilla ESP"]
[Date "2009.01.23"]
[Round "1.6"]
[White "Perera Borrego, Mariela"]
[Black "Strikovic, Aleksa"]
[Result "0-1"]
[WhiteElo "1869"]
[BlackElo "2533"]
[PlyCount "82"]
[EventDate "2009.01.23"]
[EventType "swiss"]
[EventRounds "9"]
[EventCountry "ESP"]
[Source "lmi"]
[SourceDate "2009.01.23"]

1. d4 d6 2. Nf3 Nf6 3. Bg5 Nbd7 4. c3 e5 5. dxe5 dxe5 6. Nbd2 Be7 7. e4 O-O 8.
Bc4 c6 9. O-O Qc7 10. Qe2 b5 11. Bb3 Nc5 12. Rfe1 a5 13. Nh4 a4 14. Bc2 Ne6 15.
Be3 g6 16. Bh6 Rd8 17. g3 Nc5 18. Bg5 Bh3 19. Nf1 Ne6 20. Be3 Ng4 21. Ng2 Nxe3
22. Nfxe3 Bc5 23. b4 axb3 24. axb3 Rxa1 25. Rxa1 b4 26. Ne1 bxc3 27. Nf3 Nd4
28. Nxd4 Bxd4 29. Nc4 Qe7 30. Ra6 Qf6 31. Ra1 h5 32. Re1 Kg7 33. Ne3 Qg5 34.
Qf3 Ra8 35. b4 Bxe3 36. fxe3 Be6 37. h4 Qe7 38. Rb1 Ra2 39. Qd1 Qf6 40. Ra1 Rb2
41. Ra3 Bg4 0-1

[Event "34. Abierto Ciudad de Sevilla"]
[Site "Sevilla ESP"]
[Date "2009.01.24"]
[Round "1.7"]
[White "Matamoros Franco, Carlos"]
[Black "Gil del Fresno, Manuel Jesus"]
[Result "1-0"]
[WhiteElo "2532"]
[BlackElo "1867"]
[PlyCount "61"]
[EventDate "2009.01.23"]
[EventType "swiss"]
[EventRounds "9"]
[EventCountry "ESP"]
[Source "lmi"]
[SourceDate "2009.01.23"]

1. d4 Nf6 2. Nf3 g6 3. c4 Bg7 4. g3 O-O 5. Bg2 d6 6. O-O c6 7. Nc3 Nbd7 8. e4
Qc7 9. h3 e5 10. Be3 exd4 11. Nxd4 Ne5 12. b3 a6 13. Rc1 Re8 14. Re1 Rb8 15.
Kh2 Qa5 16. Kh1 Qd8 17. f4 Ned7 18. Bf2 Nf8 19. Qd2 Re7 20. Rcd1 Ne8 21. e5 Rd7
22. e6 fxe6 23. Nxe6 Nxe6 24. Rxe6 Rf7 25. Re2 Bd7 26. Ne4 Bf8 27. Ng5 Re7 28.
Bd5+ cxd5 29. Qxd5+ Kg7 30. Bd4+ Kh6 31. Rxe7 1-0

[Event "34. Abierto Ciudad de Sevilla"]
[Site "Sevilla ESP"]
[Date "2009.01.23"]
[Round "1.8"]
[White "De la Puerta Cresis, Javier"]
[Black "Paunovic, Dragan"]
[Result "0-1"]
[WhiteElo "1861"]
[BlackElo "2526"]
[PlyCount "44"]
[EventDate "2009.01.23"]
[EventType "swiss"]
[EventRounds "9"]
[EventCountry "ESP"]
[Source "lmi"]
[SourceDate "2009.01.23"]

1. e4 c5 2. Nf3 a6 3. d4 cxd4 4. Nxd4 Nf6 5. Bd3 e5 6. Nf3 d6 7. Nc3 Be7 8. Bg5
Nbd7 9. a4 O-O 10. O-O Nc5 11. Bxf6 Bxf6 12. Nd5 Be6 13. Nxf6+ Qxf6 14. Re1
Rac8 15. Qd2 Bg4 16. Re3 Ne6 17. Be2 Nf4 18. g3 Nxe2+ 19. Qxe2 d5 20. Kg2 dxe4
21. Rxe4 Rxc2 22. Qxc2 Qxf3+ 0-1

[Event "34. Abierto Ciudad de Sevilla"]
[Site "Sevilla ESP"]
[Date "2009.01.23"]
[Round "1.9"]
[White "Campora Sivori, Daniel"]
[Black "Muñoz Mesa, Miguel"]
[Result "1-0"]
[WhiteElo "2522"]
[BlackElo "1853"]
[PlyCount "117"]
[EventDate "2009.01.23"]
[EventType "swiss"]
[EventRounds "9"]
[EventCountry "ESP"]
[Source "lmi"]
[SourceDate "2009.01.23"]

1. e4 e5 2. Nf3 Nc6 3. Nc3 a6 4. d4 exd4 5. Nxd4 Nf6 6. Nxc6 bxc6 7. e5 Qe7 8.
Qe2 Nd5 9. Bd2 Rb8 10. Nxd5 cxd5 11. Bc3 c5 12. O-O-O d4 13. Ba5 d6 14. Bc7
Qg5+ 15. Kb1 Rb7 16. exd6+ Kd7 17. f4 Qd5 18. Qe5 Qxe5 19. fxe5 f6 20. g3 Rxc7
21. dxc7 fxe5 22. Bh3+ Kxc7 23. Bxc8 Kxc8 24. Rde1 Bd6 25. Rhf1 Kd7 26. c4 Ke6
27. Kc2 Rb8 28. Re2 Be7 29. h4 Bf6 30. Kd3 a5 31. Ke4 Rb4 32. Rc2 Rb6 33. Rf3
Rd6 34. Rd2 Rb6 35. Ra3 Rb4 36. Rxa5 Rxc4 37. Ra6+ Kf7 38. Kd5 Rc1 39. Rc6 Re1
40. Rxc5 e4 41. Rxd4 Bxd4 42. Kxd4 Kf6 43. a3 e3 44. Kd3 Rg1 45. Kxe3 Rxg3+ 46.
Kd2 g6 47. a4 Rg4 48. a5 Rxh4 49. Kc3 Ra4 50. b4 h5 51. Kb3 Ra1 52. Rc6+ Kf5
53. a6 h4 54. Rc5+ Kf4 55. Ra5 Rf1 56. a7 h3 57. a8=Q Rf3+ 58. Kc4 h2 59. Qb8+
1-0

[Event "34. Abierto Ciudad de Sevilla"]
[Site "Sevilla ESP"]
[Date "2009.01.23"]
[Round "1.10"]
[White "Dominguez Corrales, Jose Felix"]
[Black "Rizouk, Aimen"]
[Result "0-1"]
[WhiteElo "1853"]
[BlackElo "2518"]
[PlyCount "44"]
[EventDate "2009.01.23"]
[EventType "swiss"]
[EventRounds "9"]
[EventCountry "ESP"]
[Source "lmi"]
[SourceDate "2009.01.23"]

1. d4 Nf6 2. c4 e6 3. Nf3 b6 4. g3 Ba6 5. b3 d5 6. Bg2 Bb4+ 7. Bd2 Bd6 8. O-O
O-O 9. Nc3 Nbd7 10. Rc1 c6 11. Re1 dxc4 12. e4 e5 13. bxc4 Bxc4 14. Qa4 b5 15.
Qc2 Re8 16. Bf1 Bxf1 17. Kxf1 Rc8 18. Qd1 exd4 19. Nxd4 Nc5 20. Bg5 Be5 21.
Bxf6 Qxf6 22. Nf3 Rcd8 0-1

[Event "34. Abierto Ciudad de Sevilla"]
[Site "Sevilla ESP"]
[Date "2009.01.23"]
[Round "1.11"]
[White "Rivas Pastor, Manuel"]
[Black "Benito Alba, Eladio"]
[Result "1-0"]
[WhiteElo "2514"]
[BlackElo "1849"]
[PlyCount "36"]
[EventDate "2009.01.23"]
[EventType "swiss"]
[EventRounds "9"]
[EventCountry "ESP"]
[Source "lmi"]
[SourceDate "2009.01.23"]

1. d4 d5 2. c4 c6 3. Nf3 Nf6 4. Nbd2 e6 5. Qc2 Nbd7 6. b3 Be7 7. Bb2 O-O 8. e3
Re8 9. Bd3 Qc7 10. Rc1 Nf8 11. O-O Ng6 12. Rfe1 Bf8 13. e4 dxe4 14. Nxe4 Nxe4
15. Rxe4 Bd7 16. h4 h5 17. Ng5 f5 18. Qe2 Nf4 1-0

[Event "34. Abierto Ciudad de Sevilla"]
[Site "Sevilla ESP"]
[Date "2009.01.23"]
[Round "1.12"]
[White "Fernandez Gomez, Jesus"]
[Black "Ibarra Jerez, Jose Carlos"]
[Result "0-1"]
[WhiteElo "1844"]
[BlackElo "2513"]
[PlyCount "60"]
[EventDate "2009.01.23"]
[EventType "swiss"]
[EventRounds "9"]
[EventCountry "ESP"]
[Source "lmi"]
[SourceDate "2009.01.23"]

1. c4 e5 2. g3 Nf6 3. Bg2 h6 4. d3 Bc5 5. Nc3 a6 6. Nf3 d6 7. a3 O-O 8. O-O Nc6
9. b4 Ba7 10. Bb2 Rb8 11. Qc2 Bd7 12. Rac1 Ne7 13. b5 Nh5 14. bxa6 bxa6 15. e4
f5 16. exf5 Bxf5 17. Ne4 Bg4 18. Nfd2 Qd7 19. c5 d5 20. Bxe5 Nc6 21. Ba1 dxe4
22. Nxe4 Be6 23. Rb1 Nd4 24. Bxd4 Qxd4 25. Rxb8 Rxb8 26. Rb1 Rxb1+ 27. Qxb1
Bxc5 28. Qb8+ Bf8 29. Qxc7 Qxd3 30. Qe5 Qd1+ 0-1

[Event "34. Abierto Ciudad de Sevilla"]
[Site "Sevilla ESP"]
[Date "2009.01.23"]
[Round "1.14"]
[White "Vazquez Gonzalez, Rafael"]
[Black "De la Villa Garcia, Jesus Maria"]
[Result "0-1"]
[WhiteElo "1835"]
[BlackElo "2469"]
[PlyCount "42"]
[EventDate "2009.01.23"]
[EventType "swiss"]
[EventRounds "9"]
[EventCountry "ESP"]
[Source "lmi"]
[SourceDate "2009.01.23"]

1. e4 c5 2. Nf3 g6 3. d4 Bg7 4. dxc5 Qa5+ 5. c3 Qxc5 6. Be3 Qa5 7. Nd4 Nf6 8.
f3 O-O 9. Nd2 Nc6 10. N2b3 Qc7 11. Qd2 a6 12. O-O-O b5 13. Kb1 Ne5 14. Bh6 Nc4
15. Qc1 d5 16. Bxg7 Kxg7 17. exd5 Nxd5 18. Nxb5 Bf5+ 19. Ka1 axb5 20. Rxd5
Rxa2+ 21. Kxa2 Qa7+ 0-1

[Event "34. Abierto Ciudad de Sevilla"]
[Site "Sevilla ESP"]
[Date "2009.01.24"]
[Round "1.15"]
[White "Pogorelov, Ruslan"]
[Black "Trapero Ibañez, Pedro"]
[Result "1-0"]
[WhiteElo "2451"]
[BlackElo "1835"]
[PlyCount "84"]
[EventDate "2009.01.23"]
[EventType "swiss"]
[EventRounds "9"]
[EventCountry "ESP"]
[Source "lmi"]
[SourceDate "2009.01.23"]

1. Nf3 Nc6 2. d4 d5 3. c4 e6 4. Nc3 Nf6 5. cxd5 exd5 6. Bg5 Be7 7. e3 O-O 8.
Bd3 Be6 9. a3 Qd7 10. Qc2 h6 11. Bf4 a6 12. h3 Qc8 13. Rc1 Rd8 14. O-O Bd6 15.
Ne5 Ne7 16. g4 c5 17. dxc5 Qxc5 18. Qd2 Qb6 19. Ne2 Rac8 20. Nd4 Bd7 21. Nxd7
Nxd7 22. Bxd6 Qxd6 23. Nf5 Nxf5 24. Bxf5 Ne5 25. Kg2 Rxc1 26. Rxc1 d4 27. Qxd4
g6 28. Rc8 Qxd4 29. exd4 Nc6 30. Rxd8+ Nxd8 31. Be4 Kf8 32. Bd5 g5 33. Kf3 Ke7
34. Ke4 Kf6 35. b4 b6 36. a4 a5 37. bxa5 bxa5 38. f3 Ne6 39. Bxe6 Kxe6 40. d5+
Kd6 41. Kd4 f6 42. Kc4 Kd7 1-0

[Event "34. Abierto Ciudad de Sevilla"]
[Site "Sevilla ESP"]
[Date "2009.01.24"]
[Round "1.16"]
[White "Gutierrez Molina, Jose Luis"]
[Black "Fernandez Romero, Ernesto"]
[Result "0-1"]
[WhiteElo "1828"]
[BlackElo "2446"]
[PlyCount "90"]
[EventDate "2009.01.23"]
[EventType "swiss"]
[EventRounds "9"]
[EventCountry "ESP"]
[Source "lmi"]
[SourceDate "2009.01.23"]

1. e4 c5 2. d4 cxd4 3. c3 d5 4. exd5 Nf6 5. cxd4 Nxd5 6. Nc3 e6 7. Nf3 Bb4 8.
Bd2 Nc6 9. Bb5 Be7 10. O-O O-O 11. Rc1 Ncb4 12. a3 Nxc3 13. bxc3 Nd5 14. a4 Qc7
15. Bd3 Bd7 16. Re1 Rad8 17. Bb1 Nb6 18. Qc2 g6 19. Bh6 Bxa4 20. Qd3 Rfe8 21.
Ne5 Bf6 22. Qf3 Qe7 23. Ba2 Nd5 24. Rb1 Bg7 25. Bxg7 Kxg7 26. c4 Nb6 27. Qc3 f6
28. Nf3 Qd7 29. h3 Bc6 30. d5 exd5 31. Rxe8 Rxe8 32. Rd1 Qc8 33. c5 Nc4 34. Nd4
Ne5 35. f4 Nd7 36. f5 Nf8 37. Qg3 Qb8 38. Qg4 Re4 39. Qf3 Qe5 40. Qc3 Ba4 41.
Rd2 gxf5 42. Rd3 Ng6 43. Qb4 Bc6 44. Nxc6 bxc6 45. Bxd5 Rxb4 0-1

[Event "34. Abierto Ciudad de Sevilla"]
[Site "Sevilla ESP"]
[Date "2009.01.24"]
[Round "1.17"]
[White "Teran Alvarez, Ismael"]
[Black "Ales Garcia, Jose"]
[Result "1-0"]
[WhiteElo "2436"]
[BlackElo "1813"]
[PlyCount "51"]
[EventDate "2009.01.23"]
[EventType "swiss"]
[EventRounds "9"]
[EventCountry "ESP"]
[Source "lmi"]
[SourceDate "2009.01.23"]

1. e4 d5 2. exd5 Qxd5 3. Nc3 Qa5 4. g3 c6 5. Bg2 Nf6 6. Nge2 e5 7. O-O Bd6 8.
Rb1 O-O 9. a3 Bg4 10. h3 Bf5 11. d3 Nbd7 12. b4 Qc7 13. g4 Be6 14. Bd2 Rfe8 15.
Ng3 Rad8 16. a4 b6 17. b5 c5 18. g5 e4 19. gxf6 Bxg3 20. fxg3 Qxg3 21. Nxe4 Qg6
22. Rf3 Nxf6 23. Rg3 Qf5 24. Rg5 Nxe4 25. Rxf5 Bxf5 26. Bxe4 1-0

[Event "34. Abierto Ciudad de Sevilla"]
[Site "Sevilla ESP"]
[Date "2009.01.24"]
[Round "1.18"]
[White "Schweitzer, Paul"]
[Black "Ivanov, Jordan"]
[Result "0-1"]
[WhiteElo "1806"]
[BlackElo "2436"]
[PlyCount "70"]
[EventDate "2009.01.23"]
[EventType "swiss"]
[EventRounds "9"]
[EventCountry "ESP"]
[Source "lmi"]
[SourceDate "2009.01.23"]

1. d4 Nf6 2. Nf3 d6 3. e3 Nbd7 4. Nbd2 e5 5. dxe5 dxe5 6. Bc4 Bd6 7. c3 O-O 8.
Qc2 Qe7 9. h4 e4 10. Ng5 Nb6 11. Bb3 Bf5 12. a3 h6 13. Nh3 Ng4 14. c4 Qxh4 15.
Nf1 Ne5 16. Ng3 Nd3+ 17. Qxd3 exd3 18. Nxf5 Qg4 19. Nxh6+ gxh6 20. Bd1 Qxc4 21.
Bd2 Rae8 22. b4 Nd5 23. O-O Be5 24. Rb1 Qa2 25. Bb3 Qxd2 26. Bxd5 Qc3 27. f4
Bd4 28. Rb3 Bxe3+ 29. Kh1 Qc2 30. Rf3 c6 31. Rg3+ Kh7 32. b5 cxd5 33. Rb4 d2
34. Ng5+ hxg5 35. fxg5 d1=Q+ 0-1

[Event "34. Abierto Ciudad de Sevilla"]
[Site "Sevilla ESP"]
[Date "2009.01.24"]
[Round "1.21"]
[White "Barria, Daniel"]
[Black "Gutierrez Marin, Vicente"]
[Result "1-0"]
[WhiteElo "2419"]
[BlackElo "1800"]
[PlyCount "51"]
[EventDate "2009.01.23"]
[EventType "swiss"]
[EventRounds "9"]
[EventCountry "ESP"]
[Source "lmi"]
[SourceDate "2009.01.23"]

1. e4 e5 2. Nf3 Nc6 3. Bb5 Nf6 4. O-O d6 5. Re1 Bg4 6. h3 Bd7 7. c3 Be7 8. d4
a6 9. Ba4 b5 10. Bb3 h6 11. Nbd2 O-O 12. Nf1 Re8 13. Ng3 Bf8 14. Bc2 Qc8 15.
Be3 d5 16. dxe5 Nxe5 17. Nxe5 Rxe5 18. Bf4 Rxe4 19. Nxe4 dxe4 20. Be5 Bxh3 21.
gxh3 Qxh3 22. Bxe4 Ng4 23. Qf3 Qh4 24. Bg3 Qg5 25. Bxa8 Nxf2 26. Kxf2 1-0

[Event "34. Abierto Ciudad de Sevilla"]
[Site "Sevilla ESP"]
[Date "2009.01.24"]
[Round "1.22"]
[White "Prados Barrios, Antonio"]
[Black "Komljenovic, Davorin"]
[Result "0-1"]
[WhiteElo "1797"]
[BlackElo "2418"]
[PlyCount "64"]
[EventDate "2009.01.23"]
[EventType "swiss"]
[EventRounds "9"]
[EventCountry "ESP"]
[Source "lmi"]
[SourceDate "2009.01.23"]

1. e4 c5 2. Nf3 d6 3. d4 cxd4 4. Nxd4 Nf6 5. Nc3 g6 6. Be3 Bg7 7. Bc4 O-O 8.
O-O Nc6 9. h3 Bd7 10. Qd2 Rc8 11. Bb3 Na5 12. Bh6 Nc4 13. Bxc4 Rxc4 14. Bxg7
Kxg7 15. b3 Rc8 16. a4 Qa5 17. Nb1 Qxd2 18. Nxd2 e5 19. Nb5 Rxc2 20. Rfd1 Rd8
21. f3 d5 22. Na3 Rc5 23. exd5 Rxd5 24. Ndc4 Be6 25. Re1 Rd3 26. Rxe5 Rxb3 27.
Na5 Rb4 28. Nb5 Rd2 29. Nc7 Bd7 30. Nb5 Rbb2 31. Nxa7 Rxg2+ 32. Kf1 Bxh3 0-1

[Event "34. Abierto Ciudad de Sevilla"]
[Site "Sevilla ESP"]
[Date "2009.01.24"]
[Round "2.2"]
[White "Spraggett, Kevin"]
[Black "Martin Vazquez, Jose Miguel"]
[Result "1-0"]
[WhiteElo "2586"]
[BlackElo "2098"]
[PlyCount "125"]
[EventDate "2009.01.23"]
[EventType "swiss"]
[EventRounds "9"]
[EventCountry "ESP"]
[Source "lmi"]
[SourceDate "2009.01.23"]

1. c4 e6 2. Nc3 d5 3. d4 Be7 4. cxd5 exd5 5. Bf4 Nf6 6. e3 c6 7. Bd3 O-O 8. Qc2
Na6 9. Bxa6 bxa6 10. Nf3 Nh5 11. Bg3 f6 12. O-O Nxg3 13. hxg3 Rb8 14. Na4 Bd7
15. Rfc1 Rb5 16. Qe2 Qa5 17. b3 Ba3 18. Rc2 Rc8 19. Qd3 g6 20. Nh4 Kg7 21. Rd1
Re8 22. Qe2 Rc8 23. Nb2 c5 24. Nd3 g5 25. Nf3 c4 26. bxc4 Rxc4 27. Rxc4 dxc4
28. Nc5 Bxc5 29. dxc5 Bc8 30. Qxc4 Rxc5 31. Qe4 Qc7 32. Nd4 Rc1 33. Rxc1 Qxc1+
34. Kh2 Qc7 35. f4 h6 36. a3 Qd6 37. Qc2 Bd7 38. Qc3 Kf7 39. Qa5 Bc8 40. Qc3
Qd7 41. Qc4+ Kg7 42. Qd3 Qd5 43. Qc2 Qd7 44. Kg1 Qb7 45. Kf2 Qd7 46. Qc5 Qb7
47. Qc3 Qd7 48. Nb3 Bb7 49. Nc5 Qc6 50. e4 Bc8 51. Ke3 Qb6 52. Qb4 Qc6 53. Nb3
Be6 54. Qe7+ Bf7 55. Nc5 Qb6 56. Kf3 Kg8 57. Kg4 Kg7 58. Kf5 a5 59. Ne6+ Qxe6+
60. Qxe6 Bxe6+ 61. Kxe6 a4 62. f5 g4 63. Ke7 1-0

[Event "34. Abierto Ciudad de Sevilla"]
[Site "Sevilla ESP"]
[Date "2009.01.24"]
[Round "2.3"]
[White "Fernandez Ruiz, Manuel Alejandro"]
[Black "Salgado Lopez, Ivan"]
[Result "0-1"]
[WhiteElo "2083"]
[BlackElo "2554"]
[PlyCount "52"]
[EventDate "2009.01.23"]
[EventType "swiss"]
[EventRounds "9"]
[EventCountry "ESP"]
[Source "lmi"]
[SourceDate "2009.01.23"]

1. Nf3 d5 2. d4 c6 3. Bf4 Nf6 4. h3 g6 5. e3 Bg7 6. Bd3 O-O 7. Qe2 c5 8. dxc5
Nfd7 9. Nc3 Nxc5 10. Rd1 Nc6 11. Bb5 e6 12. O-O a6 13. Bxc6 bxc6 14. Be5 f6 15.
Bg3 a5 16. Qd2 e5 17. Bh4 g5 18. Bg3 Be6 19. Ne1 f5 20. f4 gxf4 21. exf4 d4 22.
Bf2 dxc3 23. Qxd8 Rfxd8 24. Rxd8+ Rxd8 25. Bxc5 cxb2 26. Nd3 Rxd3 0-1

[Event "34. Abierto Ciudad de Sevilla"]
[Site "Sevilla ESP"]
[Date "2009.01.24"]
[Round "2.4"]
[White "Montero Campuzano, Rafael"]
[Black "Kurajica, Bojan"]
[Result "0-1"]
[WhiteElo "2078"]
[BlackElo "2552"]
[PlyCount "64"]
[EventDate "2009.01.23"]
[EventType "swiss"]
[EventRounds "9"]
[EventCountry "ESP"]
[Source "lmi"]
[SourceDate "2009.01.23"]

1. e4 c5 2. Nf3 Nc6 3. d4 cxd4 4. Nxd4 Qb6 5. Nb3 Nf6 6. Nc3 e6 7. Bd3 d6 8.
O-O a6 9. Be3 Qc7 10. f4 b5 11. Qf3 Bb7 12. Qg3 g6 13. f5 gxf5 14. Nc5 Rg8 15.
Qh4 dxc5 16. Qxf6 Qe5 17. Qh4 c4 18. Be2 Be7 19. Qh3 Nd4 20. Bxd4 Qxd4+ 21. Kh1
O-O-O 22. Rad1 Qe5 23. Rxd8+ Bxd8 24. a3 Bc7 25. Rf3 Rg7 26. Qh6 fxe4 27. Rg3
Rxg3 28. Qf8+ Bd8 29. hxg3 Qxg3 30. Qc5+ Kb8 31. Qf8 Qh4+ 32. Kg1 Ka7 0-1

[Event "34. Abierto Ciudad de Sevilla"]
[Site "Sevilla ESP"]
[Date "2009.01.24"]
[Round "2.5"]
[White "Strikovic, Aleksa"]
[Black "Sanchez Carrasco, Francisco Javier"]
[Result "1-0"]
[WhiteElo "2533"]
[BlackElo "2077"]
[PlyCount "88"]
[EventDate "2009.01.23"]
[EventType "swiss"]
[EventRounds "9"]
[EventCountry "ESP"]
[Source "lmi"]
[SourceDate "2009.01.23"]

1. c4 Nf6 2. Nc3 g6 3. d4 Bg7 4. Bg5 c5 5. d5 d6 6. e4 O-O 7. Qd2 Na6 8. Bd3
Nc7 9. Nge2 a6 10. a4 Bd7 11. O-O Rb8 12. a5 b5 13. axb6 Rxb6 14. h3 Kh8 15. f4
Ng8 16. Bh4 Qb8 17. Ra2 f5 18. exf5 Bxf5 19. Bxf5 gxf5 20. Ng3 Rb4 21. Qe2 Qe8
22. Nh5 Bd4+ 23. Bf2 Nf6 24. Nxf6 Bxf6 25. Be1 Qg6 26. Nd1 Rb3 27. Rf3 Rxf3 28.
Qxf3 Bd4+ 29. Kh2 Rg8 30. Bc3 e5 31. dxe6 Nxe6 32. Ne3 Nc7 33. Ra3 Qe6 34.
Bxd4+ cxd4 35. Nd5 Nxd5 36. cxd5 Qg6 37. Rxa6 d3 38. Ra3 Qg7 39. Rxd3 Qxb2 40.
Re3 Qb4 41. Re6 Ra8 42. Qg3 Rg8 43. Qh4 Qb8 44. Qf6+ Rg7 1-0

[Event "34. Abierto Ciudad de Sevilla"]
[Site "Sevilla ESP"]
[Date "2009.01.24"]
[Round "2.7"]
[White "Paunovic, Dragan"]
[Black "Guidi, Maurizio"]
[Result "1-0"]
[WhiteElo "2526"]
[BlackElo "2074"]
[PlyCount "83"]
[EventDate "2009.01.23"]
[EventType "swiss"]
[EventRounds "9"]
[EventCountry "ESP"]
[Source "lmi"]
[SourceDate "2009.01.23"]

1. c4 g6 2. g3 Bg7 3. Bg2 d6 4. d4 Nd7 5. Nf3 e6 6. O-O Ne7 7. Nc3 O-O 8. e4 b6
9. b3 Bb7 10. Bb2 a6 11. Qc2 h6 12. Rad1 Qc8 13. Rfe1 c5 14. dxc5 dxc5 15. Na4
Ra7 16. Bxg7 Kxg7 17. Qc3+ Kg8 18. Qd2 Nf6 19. e5 Ne4 20. Qxh6 Nf5 21. Qc1 b5
22. Nb6 Qc7 23. Nd7 Rd8 24. Nf6+ Nxf6 25. exf6 Bxf3 26. Bxf3 Rxd1 27. Rxd1 Kh7
28. Qg5 Qb8 29. Bg4 Qf8 30. Bxf5 exf5 31. Re1 Rd7 32. Re7 Rd1+ 33. Kg2 Rd4 34.
Qe3 Rd8 35. Qxc5 Rd2 36. Qc7 Qa8+ 37. Qb7 Qxb7+ 38. Rxb7 bxc4 39. Rxf7+ Kh6 40.
bxc4 Rxa2 41. Rf8 Kh7 42. Rc8 1-0

[Event "34. Abierto Ciudad de Sevilla"]
[Site "Sevilla ESP"]
[Date "2009.01.24"]
[Round "2.8"]
[White "Gomez Cerezo, Diego Jesus"]
[Black "Campora Sivori, Daniel"]
[Result "0-1"]
[WhiteElo "2056"]
[BlackElo "2522"]
[PlyCount "64"]
[EventDate "2009.01.23"]
[EventType "swiss"]
[EventRounds "9"]
[EventCountry "ESP"]
[Source "lmi"]
[SourceDate "2009.01.23"]

1. d4 Nf6 2. c4 e5 3. dxe5 Ng4 4. Nf3 Nc6 5. e3 Ngxe5 6. Nxe5 Nxe5 7. Be2 d6 8.
Nd2 g6 9. Nf3 Nxf3+ 10. Bxf3 Bg7 11. O-O O-O 12. Rb1 Re8 13. Re1 Bf5 14. e4 Bd7
15. b4 Be6 16. Qd3 Be5 17. Bb2 Qf6 18. Bxe5 dxe5 19. Qc2 Red8 20. Rbd1 a5 21.
b5 Rxd1 22. Rxd1 Rd8 23. Be2 Rxd1+ 24. Qxd1 Qe7 25. Qd2 b6 26. h3 h5 27. Qc3
Qb4 28. Qc1 Kf8 29. h4 Ke7 30. Qa1 Qd2 31. Qxe5 Qxe2 32. Qxc7+ Kf6 0-1

[Event "34. Abierto Ciudad de Sevilla"]
[Site "Sevilla ESP"]
[Date "2009.01.24"]
[Round "2.9"]
[White "Rizouk, Aimen"]
[Black "Morrillo-Velarde Gallego, Antonio"]
[Result "1-0"]
[WhiteElo "2518"]
[BlackElo "2041"]
[PlyCount "79"]
[EventDate "2009.01.23"]
[EventType "swiss"]
[EventRounds "9"]
[EventCountry "ESP"]
[Source "lmi"]
[SourceDate "2009.01.23"]

1. e4 e6 2. d4 d5 3. Nd2 c5 4. Ngf3 Nc6 5. exd5 exd5 6. Bb5 Bd7 7. dxc5 Bxc5 8.
Nb3 Qe7+ 9. Be2 Bb6 10. O-O Nf6 11. Bg5 Be6 12. Bd3 O-O 13. Re1 Qd8 14. h3 Rc8
15. c3 Re8 16. Bc2 h6 17. Bh4 Bc7 18. Qd2 b6 19. Rad1 Bb8 20. Qc1 Bd6 21. Nbd4
Nxd4 22. Nxd4 a6 23. Qd2 g5 24. Bxg5 hxg5 25. Qxg5+ Kf8 26. Qh6+ Kg8 27. Re3
Ne4 28. Bxe4 dxe4 29. Nf5 Bxf5 30. Rxd6 Qxd6 31. Qxd6 Re6 32. Qf4 Bg6 33. h4
Kg7 34. Rg3 Rc5 35. Rg5 Rf6 36. Qg4 Rff5 37. Rxf5 Rxf5 38. Qxe4 Rxf2 39. Qd4+
Rf6 40. g4 1-0

[Event "34. Abierto Ciudad de Sevilla"]
[Site "Sevilla ESP"]
[Date "2009.01.24"]
[Round "2.10"]
[White "Duran Cuevas, Andres"]
[Black "Rivas Pastor, Manuel"]
[Result "0-1"]
[WhiteElo "2055"]
[BlackElo "2514"]
[PlyCount "32"]
[EventDate "2009.01.23"]
[EventType "swiss"]
[EventRounds "9"]
[EventCountry "ESP"]
[Source "lmi"]
[SourceDate "2009.01.23"]

1. c4 e5 2. Nc3 Bb4 3. g3 Bxc3 4. bxc3 d6 5. Bg2 Nd7 6. d4 Ne7 7. e3 O-O 8. Nf3
c5 9. O-O Qc7 10. Qb3 Nc6 11. d5 Na5 12. Qa4 b6 13. Bh3 e4 14. Nd2 Nf6 15. Bg2
Qe7 16. Nb3 Bd7 0-1

[Event "34. Abierto Ciudad de Sevilla"]
[Site "Sevilla ESP"]
[Date "2009.01.24"]
[Round "2.11"]
[White "Ibarra Jerez, Jose Carlos"]
[Black "Moreno Alberti, Manuel"]
[Result "1-0"]
[WhiteElo "2513"]
[BlackElo "2021"]
[PlyCount "73"]
[EventDate "2009.01.23"]
[EventType "swiss"]
[EventRounds "9"]
[EventCountry "ESP"]
[Source "lmi"]
[SourceDate "2009.01.23"]

1. e4 e5 2. Nf3 Nc6 3. Bb5 a6 4. Bxc6 bxc6 5. d4 exd4 6. Nxd4 c5 7. Nb3 d6 8.
O-O Be6 9. Nc3 Nf6 10. Bf4 g6 11. Qd2 Nh5 12. Bg5 f6 13. Be3 c6 14. Rad1 Bc4
15. Rfe1 Be7 16. f4 Bxb3 17. axb3 O-O 18. Qe2 Kh8 19. g4 Ng7 20. Bxc5 Qc7 21.
Bf2 Ne6 22. Bg3 g5 23. f5 Nd8 24. Qc4 Nb7 25. Nd5 Qd7 26. Nb6 Qc7 27. Nxa8 Rxa8
28. b4 Kg7 29. Ra1 Qb6+ 30. Bf2 Qb5 31. Qxb5 cxb5 32. c3 Nd8 33. Red1 Nc6 34.
Bg3 Kf7 35. Bxd6 Bd8 36. Bg3 Bb6+ 37. Kg2 1-0